Farms pave way to beat climate change (Record no. 82437)
[ view plain ]
| 000 -LEADER | |
|---|---|
| fixed length control field | 00975cad a22002055a 4500 |
| 001 - CONTROL NUMBER | |
| control field | E150272 |
| 008 - FIXED-LENGTH DATA ELEMENTS--GENERAL INFORMATION | |
| fixed length control field | 100618e20100617xxk s000 0 eng d |
| 035 ## - SYSTEM CONTROL NUMBER | |
| System control number | (Sirsi) u150272 |
| 041 0# - LANGUAGE CODE | |
| Language code of text/sound track or separate title | eng |
| 110 2# - MAIN ENTRY--CORPORATE NAME | |
| Corporate name or jurisdiction name as entry element | Scotland |
| Subordinate unit | Scottish Government |
| 9 (RLIN) | 5344 |
| 245 00 - TITLE STATEMENT | |
| Title | Farms pave way to beat climate change |
| Medium | [electronic resource] |
| 260 ## - PUBLICATION, DISTRIBUTION, ETC. | |
| Date of publication, distribution, etc. | 2010 |
| 490 ## - SERIES STATEMENT | |
| Series statement | Scottish Government News Release |
| Volume/sequential designation | 17 June 2010 |
| 520 ## - SUMMARY, ETC. | |
| Summary, etc. | The Scottish Government has chosen four farms to test and demonstrate climate friendly farming methods as part of the Farming for a Better Climate initiative. It is hoped that the Climate Change Focus Farms will help to cut emissions, increase efficiency and improve productivity. |
| 590 ## - LOCAL NOTE (RLIN) | |
| Local note | KA |
| 651 #4 - SUBJECT ADDED ENTRY--GEOGRAPHIC NAME | |
| Geographic name | Scotland |
| Chronological subdivision | 1999- |
| 690 ## - LOCAL SUBJECT ADDED ENTRY--TOPICAL TERM (OCLC, RLIN) | |
| Topical term or geographic name as entry element | ENVIRONMENTAL AND LAND CONSULTANCY-AGRIBUSINESS-AGRICULTURE |
| 856 40 - ELECTRONIC LOCATION AND ACCESS | |
| Uniform Resource Identifier | <a href="https://www.scotland.gov.uk/News/Releases/2010/06/17132456">https://www.scotland.gov.uk/News/Releases/2010/06/17132456</a> |
| Public note | View the news release free of charge at www.scotland.gov.uk... |
| 942 ## - ADDED ENTRY ELEMENTS (KOHA) | |
| Suppress in OPAC | 0 |
| Withdrawn status | Lost status | Source of classification or shelving scheme | Damaged status | Not for loan | Home library | Current library | Shelving location | Date acquired | Total Checkouts | Full call number | Barcode | Date last seen | Copy number | Price effective from | Koha item type |
|---|---|---|---|---|---|---|---|---|---|---|---|---|---|---|---|
| Dewey Decimal Classification | Virtual | Virtual | Online | 18/06/2010 | ONLINE PUBLICATION | 150272-2001 | 06/08/2019 | 1 | 06/08/2019 | Journal article |